| 000 | 00531nam a2200181Ia 4500 | ||
|---|---|---|---|
| 003 | OSt | ||
| 005 | 20200117121006.0 | ||
| 008 | 190216s9999||||xx |||||||||||||| ||und|| | ||
| 020 | _a8170145570 | ||
| 040 | _coclc | ||
| 082 |
_a658.80601 _bVAR/M |
||
| 100 |
_aVarshney, R L _9633 |
||
| 245 | 0 |
_aMarketing Management An Indian Prespective / _cR L Varshney ; S L Gupta |
|
| 250 | _a1st ed. | ||
| 260 |
_bSulthan Chand&Sons, _c1999. _aNew Delhi: |
||
| 300 | _a677p | ||
| 942 |
_cBK _2ddc _i658.80601 _kVAR/M _m658.80601 |
||
| 999 |
_c5739 _d5739 |
||